Minerales y rocas
Gardado en:
| Main Authors: | , , |
|---|---|
| Formato: | Libro |
| Idioma: | Lingua castelá |
| Publicado: |
Barcelona
Random House
2003
|
| Edición: | 3a. ed |
| Series: | Guías de la Naturaleza
|
| Subjects: | |
| Tags: |
Engadir etiqueta
Sen Etiquetas, Sexa o primeiro en etiquetar este rexistro!
|
MARC
| LEADER | 00000cam a2200000 a 4500 | ||
|---|---|---|---|
| 001 | UCL7651 | ||
| 003 | CL-VaPUC | ||
| 008 | 040528e20030000SP |||||||||||||||||spa|d | ||
| 020 | |a 8425337437 | ||
| 082 | 0 | 4 | |a 549 |b MOT |2 21 |
| 100 | |a Mottana, Annibale |e autor |9 485484 | ||
| 700 | 0 | |a Crespi, Rodolfo |e author |9 485485 | |
| 700 | 0 | |a Liborio, Giuseppe |e author |9 485486 | |
| 245 | 1 | 0 | |a Minerales y rocas |
| 250 | |a 3a. ed | ||
| 300 | |a 605 p | ||
| 942 | |c BK | ||
| 945 | |d 20040528 00:00:00 |a cmena | ||
| 260 | |a Barcelona |b Random House |c 2003 | ||
| 650 | 0 | |a Mineralogía |9 267055 | |
| 650 | 7 | |a PETROLOGIA |2 CL-VaPUC |9 262839 | |
| 650 | 0 | |a Rocas |9 266105 | |
| 650 | 7 | |a ROCAS MAGMATICAS |2 CL-VaPUC |9 475445 | |
| 650 | 7 | |a ROCAS METAMORFICAS |2 CL-VaPUC |9 262681 | |
| 650 | 7 | |a ROCAS SEDIMENTARIAS |2 CL-VaPUC |9 261673 | |
| 650 | 0 | |a Minerales |9 264051 | |
| 583 | |a last modification |c 20130305 01:38:42 |k Rodrigo Vera | ||
| 490 | 0 | |a Guías de la Naturaleza | |
| 999 | |c 309281 |d 309279 | ||
| 952 | |0 0 |1 0 |4 0 |6 549_000000000000000_MOT_2003 |7 0 |8 F |9 376679 |a BIBING |b BIBING |d 2019-11-21 |i 4019164 |o 549 MOT 2003 |p 4019164 |r 2025-01-20 |w 2019-11-21 |y BK_F |k GEO | ||
| 952 | |0 0 |1 0 |4 0 |6 549_000000000000000_MOT_2003 |7 0 |8 F |9 376680 |a BIBING |b BIBING |d 2019-11-21 |i 4953053 |o 549 MOT 2003 |p 4953053 |r 2025-01-20 |w 2019-11-21 |y BK_F |k GEO | ||